| 000 | 00432ntaaa2200181 4500 | ||
|---|---|---|---|
| 003 | 01 | ||
| 005 | 20251027202919.0 | ||
| 008 | 0714s1973 ag 01 | ||
| 040 |
_aAR-BaBN _bspa _cAR-BaBN _eaacr _dRIC |
||
| 082 | _a922.0000 N49 | ||
| 100 | _aNewton, John | ||
| 245 | _aLetters of John Newton | ||
| 250 | _a1 ed. | ||
| 260 |
_aLondon : _bBanner of Truth Trust, _c1960 |
||
| 300 | _a191 p | ||
| 500 | _aDiario del autor | ||
| 942 | _cBK | ||
| 999 |
_c24372 _d24372 |
||